000 00297nam a22001337a 4500
008 170623b xxu||||| |||| 00| 0 eng d
020 _a0813302730
041 _aeng
080 _a32
100 _a21
101 _aSHP
245 _aU.S. POLICY TOWARD LATIN AMERICA
_cMOLINEY,H
942 _2udc
_cBK
999 _c18964
_d18964